| 000 | 02277nam0a2200361 i 4500 | ||
|---|---|---|---|
| 001 | RU\NLR\BIBL_A\011615292 | ||
| 005 | 20240921193729.0 | ||
| 010 |
_a9785945522770 _990 |
||
| 021 |
_aRU _b2017-101444 _97317 |
||
| 035 | _a(RuMoRGB)009503144 | ||
| 035 | _a(NLR Aleph) 011615292 | ||
| 090 |
_a10955278 _c10955278 |
||
| 100 | _a20180131d2017 km y0rusy50 ca | ||
| 101 | 0 | _arus | |
| 102 | _aRU | ||
| 105 | _ay|||j|||010zy | ||
| 200 | 1 |
_aОбеспечение прав несовершеннолетних потерпевших в уголовном судопроизводстве России _eучебное пособие _e[для курсантов и слушателей образовательных организаций высшего образования системы МВД России] _fС. М. Кузнецова, Н. В. Арсёнова _gМинистерство внутренних дел Российской Федерации, Барнаульский юридический институт |
|
| 210 |
_aБарнаул _cНИиРИО БЮИ МВД России _d2017 |
||
| 215 |
_a47 с. _d20 |
||
| 300 | _aНа обл.: Барнаульский юридический институт МВД России. 60 | ||
| 320 | _aБиблиогр.: с. 43-46 (32 назв.) и в подстроч. примеч. | ||
| 606 | 1 |
_aПотерпевший в уголовном процессе _jУчебные издания для высших учебных заведений _xЗащита прав _yРоссийская Федерация _92273101 _3RU\NLR\AUTH\661362329 |
|
| 606 | 1 |
_aНесовершеннолетние _jУчебные издания для высших учебных заведений _xПравовая защита _yРоссийская Федерация _92165896 _3RU\NLR\AUTH\661303207 |
|
| 610 | 0 | _aнесовершеннолетние потерпевшие | |
| 686 |
_aХ629.317я73-1 _2rubbk |
||
| 686 | 1 | _aХ629.317я73 | |
| 686 | 1 | _aХ620.32я73 | |
| 700 | 1 |
_aКузнецова _bС. М. _gСветлана Михайловна |
|
| 701 | 1 |
_aАрсёнова _bН. В. _gНаталья Васильевна |
|
| 942 | _cBOOK | ||
| 980 | _aNBR | ||